Capitals on Separate Islands - Statistics

General Stats
  • This quiz has been taken 220 times
  • The average score is 3 of 5
Answer Stats
Location Country / Capital Island Distance from Mainland (km) % Correct
Europe Denmark / Copenhagen Zealand 27
91%
Africa Equatorial Guinea / Malabo Bioko 32
84%
Europe Sweden / Stockholm Södertörn <1
81%
Africa The Gambia / Banjul St. Mary's Island <1
32%
Asia United Arab Emirates / Abu Dhabi ________ Island <1
30%
No matching quizzes found
Score Distribution
Percent of People with Each Score
Percentile by Number Answered
Your Score History
You have not taken this quiz